Thư viện, cuộc sống tự nhiên, giới tự nhiên và con người Nhật Bản.

Gardado en:
Detalles Bibliográficos
Formato: Libro
Các nhãn: Engadir etiqueta
Sen Etiquetas, Sexa o primeiro en etiquetar este rexistro!
Thư viện lưu trữ: Mạng thư viện Đại học Đà Nẵng
LEADER 00461nam a22001691a 4500
001 000039735
003 16030
005 20160412022640.0
008 160412s0 000
082 |a 4N(TK)354 
245 |a Thư viện, cuộc sống tự nhiên, giới tự nhiên và con người Nhật Bản. 
OWN |a LNN 
999 |a From the UDN01 
TYP |a Monograph 
980 |a Mạng thư viện Đại học Đà Nẵng